00303nam a2200085Ia 4500008004100000082001400041100003600055245009800091260002800189230320s9999||||xx |||||||||||||| ||spa|| a382.71/T7 aInstituto Peruano De Economía 0aTratado De Libre Comercio Con Los Estados Unidos : Una Oportunidad Para Crecer Sostenidamente bUniversidad de Pacifico